|
|
|
|
| LEADER |
00821nam a22002412a 4500 |
| 001 |
000119820 |
| 003 |
CZ BrMZK |
| 005 |
20110324092136.0 |
| 008 |
010907s1994 xr f cze d |
| 015 |
|
|
|a cnb000084282
|
| 035 |
|
|
|a (OCoLC)85647952
|
| 040 |
|
|
|a BOA001
|b cze
|
| 080 |
|
|
|a 681.3.06(075.8)
|2 MRF
|
| 080 |
|
|
|a 519.682(075.8)
|2 MRF
|
| 100 |
1 |
|
|a Kolář, Josef,
|d 1943-
|7 ntka172961
|
| 245 |
1 |
0 |
|a Jazyky pro umělou inteligenci /
|c Josef Kolář
|
| 250 |
|
|
|a 1. vyd.
|
| 260 |
|
|
|a Praha :
|b České vysoké učení technické,
|c 1994
|
| 300 |
|
|
|a 327 s.
|
| 910 |
|
|
|a BOA001
|b TK-A-0254.071
|
| 990 |
|
|
|a BK
|
| 996 |
7 |
|
|b 2629981097
|c TK-A-0254.071
|l MZK
|r Sklad / do 24 hodin
|n 6
|w 000119820
|u 000010
|a 1
|e BOA001
|j MZK50
|s A
|
| 996 |
7 |
|
|b 2629981420
|c TK-A-0254.071
|l MZK
|r Sklad / do 24 hodin
|n 3
|w 000119820
|u 000020
|a 1
|e BOA001
|j MZK50
|s A
|